[Event "Stafford Loz Coopers Birthday"]
[Site "Stafford"]
[Date "2024.07.14"]
[Round "1"]
[White "Gordon, Frederick"]
[Black "Richardson, Alex"]
[Result "1-0"]
[WhiteElo "2275"]
[BlackElo "2154"]
[PlyCount "77"]
[EventDate "2024.07.14"]
[EventType "swiss (blitz)"]
[EventRounds "9"]
[EventCountry "ENG"]
[SourceTitle "CBM 221 Extra"]
[Source "ChessBase"]
[SourceDate "2024.09.30"]
[SourceVersion "1"]
[SourceVersionDate "2024.09.30"]
[SourceQuality "1"]

1. Nf3 c5 2. e4 Nc6 3. Bb5 g6 4. Bxc6 dxc6 5. d3 Bg7 6. 0-0 Nf6 7. a4 Qc7 8. a5 0-0 9. h3 Nd7 10. Nbd2 Rb8 11. Qe2 e5 12. Nc4 Re8 13. Nh2 b5 14. axb6 axb6 15. f4 b5 16. Nxe5 Nxe5 17. fxe5 Bxe5 18. Nf3 Bg7 19. Qf2 c4 20. Ng5 f5 21. Bf4 Be5 22. Bxe5 Rxe5 23. d4 Re8 24. Rae1 Qe7 25. exf5 Qf8 26. Rxe8 Qxe8 27. fxg6 hxg6 28. Qf4 Bf5 29. Rf3 Rd8 30. Re3 Qd7 31. c3 Rf8 32. Qe5 Bd3 33. Ne6 Qf7 34. Nxf8 Qxf8 35. Rf3 Qc8 36. Rf6 Kh7 37. Rf7+ Kh6 38. Qf4+ Kh5 39. Rh7# 1-0

[Event "Stafford Loz Coopers Birthday"]
[Site "Stafford"]
[Date "2024.07.14"]
[Round "7"]
[White "Richardson, Alex"]
[Black "Blackburn, Jonathan LB"]
[Result "1-0"]
[WhiteElo "2154"]
[BlackElo "2178"]
[PlyCount "89"]
[EventDate "2024.07.14"]
[EventType "swiss (blitz)"]
[EventRounds "9"]
[EventCountry "ENG"]
[SourceTitle "CBM 221 Extra"]
[Source "ChessBase"]
[SourceDate "2024.09.30"]
[SourceVersion "1"]
[SourceVersionDate "2024.09.30"]
[SourceQuality "1"]

1. c4 Nf6 2. Nc3 g6 3. g3 Bg7 4. Bg2 0-0 5. e4 d6 6. Nge2 c5 7. 0-0 Nc6 8. d3 a6 9. h3 Rb8 10. a4 Ne8 11. Be3 Nc7 12. d4 cxd4 13. Nxd4 Ne6 14. Nde2 Nc5 15. Rb1 Ne5 16. b4 Ncd7 17. Qb3 Nb6 18. Bxb6 Qxb6 19. Nd5 Qd8 20. f4 Nc6 21. a5 e6 22. Nb6 Nd4 23. Qd3 Nxe2+ 24. Qxe2 Bd4+ 25. Kh2 Bxb6 26. axb6 Qxb6 27. Rfd1 Bd7 28. Qd3 Bc6 29. Qxd6 Rbd8 30. Qc5 Qxc5 31. bxc5 Rxd1 32. Rxd1 Rc8 33. Kg1 Kf8 34. Kf2 Ke7 35. Ke3 Be8 36. Rb1 Bc6 37. Kd4 Rd8+ 38. Ke3 Kd7 39. h4 Kc7 40. h5 a5 41. Bf3 a4 42. Ra1 Ra8 43. Kd4 a3 44. Ra2 Ra4 45. Ke5 1-0

[Event "BCF-chT3N 1718 (4NCL)"]
[Site "England"]
[Date "2018.05.06"]
[Round "10.23"]
[White "Richardson, Alex"]
[Black "Paul, Nathanael"]
[Result "1/2-1/2"]
[WhiteElo "2148"]
[BlackElo "1865"]
[PlyCount "109"]
[EventDate "2017.11.11"]
[EventType "team-swiss"]
[EventRounds "11"]
[EventCountry "ENG"]
[SourceTitle "EXT 2020"]
[Source "ChessBase"]
[SourceDate "2019.10.17"]
[SourceVersion "1"]
[SourceVersionDate "2019.10.17"]
[SourceQuality "1"]
[WhiteTeam "Cheddleton II"]
[BlackTeam "Shropshire"]
[WhiteTeamCountry "ENG"]
[BlackTeamCountry "ENG"]

1. e4 c6 2. d4 d5 3. e5 Bf5 4. Nf3 e6 5. Be2 Nd7 6. 0-0 h6 7. c3 g5 8. a4 Ne7 9. a5 a6 10. b4 Bg7 11. Nbd2 0-0 12. Nb3 f6 13. exf6 Rxf6 14. Be3 Qc7 15. Qd2 Raf8 16. Ne1 R6f7 17. Bh5 Bg6 18. Bxg6 Nxg6 19. Nd3 Nf6 20. Nbc5 Ng4 21. g3 Nh4 22. f4 Nf5 23. Bf2 Re7 24. Rae1 Rfe8 25. Ne5 Nxe5 26. fxe5 Rf7 27. g4 Ne7 28. Qd3 Qc8 29. Bg3 Ref8 30. Rxf7 Rxf7 31. Rf1 Rxf1+ 32. Kxf1 Bf8 33. h4 Kg7 34. Qf3 Ng8 35. hxg5 hxg5 36. Qe3 Kg6 37. Qd3+ Kg7 38. Qd2 Kg6 39. Qh2 Kg7 40. Qh5 Be7 41. Be1 Nh6 42. Bd2 Nf7 43. Na4 Qh8 44. Qxh8+ Kxh8 45. Nb6 Kg7 46. Ke2 Kf8 47. Kf3 Ke8 48. c4 Bd8 49. Na4 Be7 50. Nb2 Kd7 51. b5 axb5 52. cxb5 cxb5 53. Nd3 Nd8 54. Nc1 Kc6 55. Nd3 1/2-1/2

[Event "BCF-chT3N 1718 (4NCL)"]
[Site "England"]
[Date "2017.11.12"]
[Round "2.51"]
[White "Roberts, Paul"]
[Black "Richardson, Alex"]
[Result "1/2-1/2"]
[WhiteElo "2165"]
[BlackElo "2148"]
[PlyCount "30"]
[EventDate "2017.11.11"]
[EventType "team-swiss"]
[EventRounds "11"]
[EventCountry "ENG"]
[SourceTitle "EXT 2020"]
[Source "ChessBase"]
[SourceDate "2019.10.17"]
[SourceVersion "1"]
[SourceVersionDate "2019.10.17"]
[SourceQuality "1"]
[WhiteTeam "Manchester Manticores II"]
[BlackTeam "Cheddleton II"]
[WhiteTeamCountry "ENG"]
[BlackTeamCountry "ENG"]

1. c4 e6 2. Nf3 d5 3. d4 Nf6 4. Bg5 Nbd7 5. e3 Be7 6. Nc3 0-0 7. Bd3 dxc4 8. Bxc4 a6 9. 0-0 b5 10. Bd3 Bb7 11. Qe2 c5 12. Rfd1 Qb8 13. Bf4 Qa7 14. Rac1 Rac8 15. dxc5 Nxc5 1/2-1/2

[Event "GBR-ch 104th"]
[Site "Llandudno"]
[Date "2017.07.30"]
[Round "2"]
[White "Hewson, Brian Wr"]
[Black "Richardson, Alex"]
[Result "1/2-1/2"]
[WhiteElo "2023"]
[BlackElo "2147"]
[PlyCount "33"]
[EventDate "2017.07.29"]
[EventType "swiss"]
[EventRounds "9"]
[EventCountry "WLS"]
[SourceTitle "CBM 179 Extra"]
[Source "ChessBase"]
[SourceDate "2017.08.23"]
[SourceVersion "1"]
[SourceVersionDate "2017.08.23"]
[SourceQuality "1"]

1. d4 Nf6 2. Nf3 e6 3. c4 b6 4. g3 Ba6 5. Nbd2 d5 6. Bg2 Be7 7. 0-0 0-0 8. b3 c6 9. Bb2 Nbd7 10. Rc1 Rc8 11. Re1 c5 12. e4 Nxe4 13. Nxe4 dxe4 14. Rxe4 Bb7 15. Re2 Bf6 16. dxc5 Bxb2 17. Rxb2 1/2-1/2

[Event "GBR-ch 104th"]
[Site "Llandudno"]
[Date "2017.07.29"]
[Round "1"]
[White "Richardson, Alex"]
[Black "Adair, James R"]
[Result "0-1"]
[WhiteElo "2147"]
[BlackElo "2481"]
[PlyCount "64"]
[EventDate "2017.07.29"]
[EventType "swiss"]
[EventRounds "9"]
[EventCountry "WLS"]
[SourceTitle "CBM 179 Extra"]
[Source "ChessBase"]
[SourceDate "2017.08.23"]
[SourceVersion "1"]
[SourceVersionDate "2017.08.23"]
[SourceQuality "1"]

1. d4 Nf6 2. Bf4 e6 3. e3 c5 4. c3 d5 5. Nd2 Bd6 6. Bxd6 Qxd6 7. f4 0-0 8. Bd3 b6 9. Nh3 Ba6 10. Qe2 Bxd3 11. Qxd3 Nbd7 12. a4 a6 13. 0-0 b5 14. axb5 axb5 15. dxc5 Nxc5 16. Qd4 Nce4 17. Nxe4 Nxe4 18. Rfd1 Qc6 19. Nf2 Nd6 20. g3 Rfb8 21. Rxa8 Qxa8 22. Qc5 Nc4 23. b3 Rc8 24. Qd4 Nd6 25. g4 Qa3 26. Qb6 h6 27. e4 Nxe4 28. Nxe4 dxe4 29. Qxb5 Rxc3 30. Qe8+ Kh7 31. Qxf7 Qc5+ 32. Kh1 Qf2 0-1

[Event "BCF-chT3N 1617 (4NCL)"]
[Site "England"]
[Date "2017.04.30"]
[Round "10.11"]
[White "Richardson, Alex"]
[Black "Polaczek, Richard"]
[Result "1/2-1/2"]
[WhiteElo "2143"]
[BlackElo "2411"]
[PlyCount "45"]
[EventDate "2016.11.26"]
[EventType "team-swiss"]
[EventRounds "11"]
[EventCountry "ENG"]
[SourceTitle "EXT 2019"]
[Source "ChessBase"]
[SourceDate "2018.10.10"]
[SourceVersion "1"]
[SourceVersionDate "2018.10.10"]
[SourceQuality "1"]
[WhiteTeam "Cheddleton II"]
[BlackTeam "Manchester Manticores"]
[WhiteTeamCountry "ENG"]
[BlackTeamCountry "ENG"]

1. c4 e6 2. Nc3 Bb4 3. Qc2 c5 4. a3 Ba5 5. Ne4 Nf6 6. Nd6+ Ke7 7. Nxc8+ Qxc8 8. Nf3 Nc6 9. e3 Re8 10. Be2 Kf8 11. 0-0 Kg8 12. d4 d6 13. Rd1 e5 14. d5 Ne7 15. Nd2 Bb6 16. h3 Ng6 17. b3 Nh4 18. Bb2 Qd8 19. g3 Ng6 20. Bf3 Rf8 21. Rf1 h6 22. Kh2 Ba5 23. Rae1 1/2-1/2

[Event "BCF-chT3N 1617 (4NCL)"]
[Site "England"]
[Date "2017.03.18"]
[Round "7.42"]
[White "Richardson, Alex"]
[Black "White, Mark"]
[Result "1/2-1/2"]
[WhiteElo "2143"]
[BlackElo "2028"]
[PlyCount "94"]
[EventDate "2016.11.26"]
[EventType "team-swiss"]
[EventRounds "11"]
[EventCountry "ENG"]
[SourceTitle "EXT 2019"]
[Source "ChessBase"]
[SourceDate "2018.10.10"]
[SourceVersion "1"]
[SourceVersionDate "2018.10.10"]
[SourceQuality "1"]
[WhiteTeam "Cheddleton II"]
[BlackTeam "Jorvik"]
[WhiteTeamCountry "ENG"]
[BlackTeamCountry "ENG"]

1. d4 Nf6 2. Nf3 g6 3. g3 Bg7 4. Bg2 0-0 5. 0-0 d5 6. c3 Nc6 7. Bf4 Bf5 8. h3 Qc8 9. g4 Bxb1 10. Qxb1 h5 11. g5 Ne4 12. Rd1 e6 13. a4 Ne7 14. Ne5 Nd6 15. b3 Ndf5 16. e4 dxe4 17. Qxe4 Nd5 18. Bd2 c6 19. c4 Nde7 20. a5 a6 21. Bb4 Qc7 22. Bc5 Nd6 23. Qe1 Nef5 24. Rac1 Qd8 25. Qd2 Re8 26. b4 Nh4 27. Bh1 Ndf5 28. Qf4 f6 29. gxf6 Bxf6 30. Nf3 g5 31. Qe4 Qc7 32. Nxh4 Nxh4 33. Bf3 Qf7 34. Be2 Kg7 35. Rd3 Qg6 36. Qxg6+ Kxg6 37. Re1 Rad8 38. Red1 Kh6 39. b5 cxb5 40. cxb5 axb5 41. Rb3 Nf5 42. Rb4 Rd5 43. Bf3 Rd7 44. Rxb5 Bxd4 45. Rdb1 Bxc5 46. Rxc5 Ree7 47. Rb6 Nd4 1/2-1/2

[Event "BCF-chT3N 1617 (4NCL)"]
[Site "England"]
[Date "2017.02.11"]
[Round "5.22"]
[White "Delaney, Killian"]
[Black "Richardson, Alex"]
[Result "0-1"]
[WhiteElo "2257"]
[BlackElo "2143"]
[PlyCount "96"]
[EventDate "2016.11.26"]
[EventType "team-swiss"]
[EventRounds "11"]
[EventCountry "ENG"]
[SourceTitle "EXT 2019"]
[Source "ChessBase"]
[SourceDate "2018.10.10"]
[SourceVersion "1"]
[SourceVersionDate "2018.10.10"]
[SourceQuality "1"]
[WhiteTeam "Gonzaga"]
[BlackTeam "Cheddleton II"]
[WhiteTeamCountry "IRL"]
[BlackTeamCountry "ENG"]

1. e4 e6 2. d4 d5 3. Nd2 Ne7 4. Ngf3 Nd7 5. c4 g6 6. h4 h6 7. cxd5 exd5 8. e5 Bg7 9. Bd3 c5 10. e6 fxe6 11. Qe2 Qb6 12. Ne5 Nxe5 13. dxe5 Bd7 14. Nf3 0-0-0 15. Be3 Kb8 16. 0-0 d4 17. Bd2 Bc6 18. Rab1 Rhf8 19. b4 c4 20. Bxc4 Rf5 21. Ne1 g5 22. Nd3 Bxg2 23. Kxg2 Qc6+ 24. f3 Qxc4 25. Rfc1 Qd5 26. Rc5 Qd7 27. Rbc1 Ng6 28. Rc7 Nxh4+ 29. Kh1 Qd5 30. R1c5 Qxf3+ 31. Qxf3 Rxf3 32. Rxg7 Rh3+ 33. Kg1 Rxd3 34. Rcc7 Ra3 35. Rxb7+ Ka8 36. Bc1 Rxa2 37. Kf1 Nf3 38. Rbd7 Rc8 39. Bb2 Nxe5 40. Rde7 Nc6 41. Rc7 Rxc7 42. Rxc7 Rxb2 43. Rxc6 Rxb4 44. Rxe6 Rb6 45. Re8+ Kb7 46. Rd8 Rg6 47. Rxd4 a5 48. Kg2 Kb6 0-1

[Event "BCF-chT3 1415 (4NCL)"]
[Site "England"]
[Date "2015.03.21"]
[Round "8.99"]
[White "Richardson, Alex"]
[Black "Hatchett, Paul"]
[Result "1/2-1/2"]
[WhiteElo "2103"]
[BlackElo "1977"]
[PlyCount "52"]
[EventDate "2015.03.21"]
[EventType "team-swiss"]
[EventRounds "11"]
[EventCountry "ENG"]
[SourceTitle "EXT 2016"]
[Source "ChessBase"]
[SourceDate "2015.10.08"]
[SourceVersion "1"]
[SourceVersionDate "2015.10.08"]
[SourceQuality "1"]
[WhiteTeam "Cheddleton II"]
[BlackTeam "Rhyfelwyr Essyllwg II"]
[WhiteTeamCountry "ENG"]
[BlackTeamCountry "ENG"]

1. g3 Nf6 2. c4 g6 3. Bg2 Bg7 4. Nc3 0-0 5. Nf3 d6 6. d4 Nc6 7. 0-0 a6 8. b3 e5 9. dxe5 Ng4 10. Bg5 Qd7 11. Nd5 dxe5 12. h3 f6 13. Bd2 Nh6 14. e4 Nf7 15. Be3 Rb8 16. Qc2 Nd6 17. Rad1 Qf7 18. c5 Ne8 19. a3 Be6 20. Rd2 Na7 21. b4 g5 22. h4 g4 23. Nh2 Kh8 24. f4 gxf3 25. Rxf3 Rd8 26. Rdf2 c6 1/2-1/2

[Event "BCF-chT3 1314 (4NCL)"]
[Site "England"]
[Date "2014.05.05"]
[Round "11.116"]
[White "Peat, Matthew"]
[Black "Richardson, Alex"]
[Result "0-1"]
[WhiteElo "2071"]
[BlackElo "2107"]
[PlyCount "74"]
[EventDate "2013.11.16"]
[EventType "team-swiss"]
[EventRounds "11"]
[EventCountry "ENG"]
[SourceTitle "EXT 2015"]
[Source "ChessBase"]
[SourceDate "2014.11.20"]
[SourceVersion "1"]
[SourceVersionDate "2014.11.20"]
[SourceQuality "1"]
[WhiteTeam "e2e4.org.uk III"]
[BlackTeam "Cheddleton II"]
[WhiteTeamCountry "ENG"]
[BlackTeamCountry "ENG"]

1. c4 Nf6 2. g3 c5 3. Bg2 d5 4. cxd5 Nxd5 5. Nc3 Nc7 6. Nf3 Nc6 7. 0-0 e5 8. a3 Rb8 9. Rb1 a5 10. d3 Be7 11. Nd2 Be6 12. Nc4 f6 13. Qa4 Kf7 14. Nxa5 Nxa5 15. Qxa5 b5 16. f4 b4 17. axb4 cxb4 18. Ne4 Qd4+ 19. e3 Qxd3 20. fxe5 Rhc8 21. Ng5+ Kg8 22. Be4 Qxf1+ 23. Kxf1 fxg5 24. Kg2 Rb5 25. Qa7 Rxe5 26. Bb7 Bc5 27. Qa5 Bd6 28. Qb6 Rd8 29. e4 Rb5 30. Qc6 Rc5 31. Qa4 b3 32. Bxg5 Rxg5 33. Rd1 Rc5 34. Bd5 Nxd5 35. e5 Rc2+ 36. Kh1 Ne3 37. Rxd6 Rc1+ 0-1

[Event "BCF-chT3 1314 (4NCL)"]
[Site "England"]
[Date "2014.03.23"]
[Round "8.168"]
[White "Richardson, Alex"]
[Black "Davies, Peter L"]
[Result "1-0"]
[WhiteElo "2107"]
[BlackElo "1978"]
[PlyCount "103"]
[EventDate "2013.11.16"]
[EventType "team-swiss"]
[EventRounds "11"]
[EventCountry "ENG"]
[SourceTitle "EXT 2015"]
[Source "ChessBase"]
[SourceDate "2014.11.20"]
[SourceVersion "1"]
[SourceVersionDate "2014.11.20"]
[SourceQuality "1"]
[WhiteTeam "Cheddleton II"]
[BlackTeam "The Full Ponty"]
[WhiteTeamCountry "ENG"]
[BlackTeamCountry "ENG"]

1. c4 e5 2. Nc3 Nc6 3. Nf3 g6 4. d4 exd4 5. Nxd4 Bg7 6. Nxc6 bxc6 7. g3 Rb8 8. Bg2 Nf6 9. 0-0 0-0 10. Qc2 Bb7 11. h3 Qe7 12. e4 Qb4 13. b3 Rfe8 14. Bd2 Qf8 15. Rfe1 d6 16. Rac1 Rbd8 17. Rcd1 Nd7 18. Bg5 Rb8 19. Be3 a6 20. f4 Rbd8 21. Bf2 Bf6 22. b4 Qg7 23. Na4 Nf8 24. c5 g5 25. f5 Be5 26. cxd6 cxd6 27. Nb6 Bc3 28. Rf1 Bxb4 29. Bd4 Bc5 30. Qxc5 dxc5 31. Bxg7 Kxg7 32. Nc4 f6 33. e5 Rd4 34. Rxd4 cxd4 35. Nd6 Rxe5 36. Nxb7 c5 37. Nd6 Re2 38. Rf2 Re1+ 39. Bf1 Nd7 40. Re2 Rxe2 41. Bxe2 Ne5 42. Bxa6 d3 43. Nc4 Nf3+ 44. Kf2 d2 45. Ne3 Nd4 46. Be2 h5 47. Bxh5 Kf8 48. Bd1 c4 49. Nxc4 Nxf5 50. Nxd2 Nd6 51. Bc2 f5 52. Bd3 1-0

[Event "BCF-chT3N 1314 (4NCL)"]
[Site "England"]
[Date "2014.01.12"]
[Round "4.67"]
[White "Richardson, Alex"]
[Black "Hamer, Martyn"]
[Result "1-0"]
[WhiteElo "2111"]
[BlackElo "2017"]
[PlyCount "87"]
[EventDate "2013.11.16"]
[EventType "team-swiss"]
[EventRounds "6"]
[EventCountry "ENG"]
[SourceTitle "EXT 2015"]
[Source "ChessBase"]
[SourceDate "2014.11.20"]
[SourceVersion "1"]
[SourceVersionDate "2014.11.20"]
[SourceQuality "1"]
[WhiteTeam "Cheddleton II"]
[BlackTeam "Manchester Manticores"]
[WhiteTeamCountry "ENG"]
[BlackTeamCountry "ENG"]

1. e4 Nf6 2. e5 Nd5 3. d4 d6 4. c4 Nb6 5. exd6 exd6 6. Nf3 Be7 7. Be2 0-0 8. Nc3 Re8 9. 0-0 Bf6 10. h3 Bf5 11. Bf4 Nc6 12. Rc1 a6 13. Re1 d5 14. c5 Nc8 15. b4 N8e7 16. b5 axb5 17. Bxb5 Ng6 18. Rxe8+ Qxe8 19. Nxd5 Qd8 20. Nxf6+ gxf6 21. Be3 Rxa2 22. Qb3 Be6 23. Bc4 Bxc4 24. Qxc4 Ra8 25. Rd1 Nge7 26. d5 Ne5 27. Nxe5 fxe5 28. Bg5 Qd7 29. Bxe7 Qxe7 30. Qg4+ Kh8 31. d6 cxd6 32. cxd6 Qe6 33. d7 Rd8 34. Qb4 b6 35. Rd3 Qf6 36. Rd5 Qc6 37. Qd2 b5 38. Rd6 Qc7 39. Qg5 b4 40. Qxe5+ Kg8 41. Qe8+ Kg7 42. Rd3 h5 43. Rg3+ Kf6 44. Rf3+ 1-0

[Event "BCF-chT3N 1314 (4NCL)"]
[Site "England"]
[Date "2013.11.16"]
[Round "1.86"]
[White "Richardson, Alex"]
[Black "Henderson, David"]
[Result "1/2-1/2"]
[WhiteElo "2111"]
[BlackElo "2071"]
[PlyCount "122"]
[EventDate "2013.11.16"]
[EventType "team-swiss"]
[EventRounds "6"]
[EventCountry "ENG"]
[SourceTitle "CBM 157 Extra"]
[Source "ChessBase"]
[SourceDate "2013.12.19"]
[SourceVersion "1"]
[SourceVersionDate "2013.12.19"]
[SourceQuality "1"]
[WhiteTeam "Cheddleton II"]
[BlackTeam "North East England II"]
[WhiteTeamCountry "ENG"]
[BlackTeamCountry "ENG"]

1. Nf3 d5 2. g3 Nf6 3. Bg2 e6 4. 0-0 Be7 5. d3 c5 6. Nbd2 0-0 7. e4 Nc6 8. Re1 Qc7 9. e5 Nd7 10. Qe2 b6 11. Nf1 Bb7 12. Bf4 Rae8 13. h4 Qc8 14. Bh3 Nd8 15. Ng5 Bxg5 16. hxg5 Nc6 17. Nh2 Ne7 18. Ng4 Nf5 19. c3 d4 20. c4 Qc6 21. Kh2 Qf3 22. Qxf3 Bxf3 23. a3 Rb8 24. b4 b5 25. cxb5 Rxb5 26. Bd2 Rfb8 27. Kg1 a6 28. Nh2 Bd5 29. Rec1 Nxe5 30. Bf4 Nxd3 31. Bxb8 Rxb8 32. Rd1 c4 33. Bf1 Nb2 34. Rd2 c3 35. Rxb2 cxb2 36. Rb1 Rb6 37. Rxb2 e5 38. Rc2 f6 39. Rc5 Ne7 40. gxf6 gxf6 41. f3 Kf7 42. Bd3 h5 43. Kf2 Ke6 44. Nf1 Bb7 45. Nd2 Kd7 46. Nb3 Rc6 47. Be4 Rb6 48. Bxb7 Rxb7 49. Ra5 Rb6 50. Nc5+ Kd6 51. Rxa6 Rxa6 52. Nxa6 Kd5 53. b5 Nc8 54. Nc7+ Kc4 55. a4 Kb4 56. Nd5+ Kxa4 57. b6 Nd6 58. Nxf6 Kb5 59. Nd7 e4 60. fxe4 Nxe4+ 61. Kf3 Nd6 1/2-1/2